00580nam a2200181Ia 4500008004100000082001300041100003200054245006000086250000800146260003000154300001400184500002400198650001500222700003400237942000700271952010300278999001700381230524s9999 xx 000 0 und d a612bHAR aJoen Iannucci Haring923856 0aDental Radiography (Principles and Techniques with CD)  a3TH aNEW DELHIbElsevierc2006 aXVIII;475 aQuantity Number: 1 aBiomedical a Laura Jansen Howerton923857 cBK 00104070aTATCLbTATCLcGENd2023-05-24l0o612 HARp10792r2023-05-24w2023-05-24yBKzBSCP1102 c35328d35328